Zgadnijn kierowce f1 po jego karierze - Statystyki

Ogólne statystyki
  • Ten quiz został rozwiązany 31 razy
  • Średni wynik to 12 z 15
Statystyki odpowiedzi
Hint Odpowiedź % Poprawnych
2017-2018 williams2019 racing point 2019-teraz aston martin Lance Stroll
88%
2007-2012 mclaren2013-2024 mercedes 2025 ferrari Lewis Hamilton
88%
2006-2009 bmw sauber2010-2011 renault 2019 williams 2020-2022(kierowca testowy)alfa romeo Robert Kubica
88%
2001-2002 minardi2003-2006 renault 2007 mclaren 2008-2009 renault 2010-2014 ferrari 2015-2018 mclaren 2021-2022 alpine 2023-teraz aston martin Fernando Alonso
84%
2007 bmw sauber2007-2008 toro rosso 2009-2014 red bull 2015-2020 ferrari 2021-2022 aston martin Sebastian Vettel
84%
2015-2016 toro rosso2016-teraz red bull Max Verstappen
80%
1991 jordan1991-1995 mild seven benetton 1996-2006 ferrari 2010-2012 mercedes Michael Schumacher
80%
2010-2016 williams2017-2021 mercedes 2022-2023 alfa romeo 2024 kick sauber 2026-? cadillac Valtteri Bottas
80%
1984 toleman1985-1987 lotus 1988-1993 mclaren 1994 williams Ayrton Senna
76%
2015-2017 toro rosso2017-2018 renault 2019-2020 mclaren 2021-2024 ferrari 2025-teraz williams Carlos Sainz
76%
2016 manor racing2017-2018 racing point 2020-2024 renault/alpine 2025-teraz haas Esteban Ocon
76%
2010 williams2011-2012 force india 2013 sauber 2014-2016 racing point 2017-2019 renault 2020-2022(kierowca rezerwowy) aston martin 2023-2024 haas 2025 kick sauber 2026-? audi Nico Hulkenberg
76%
2011-2012 sauber2014-2020 force india/racing point 2026-? cadillac Sergio Perez
68%
2001-2002 sauber2002-2006 mclaren 2007-2009 ferrari 2012-2013 lotus 2014-2018 ferrari 2019-2020 alfa romeo Kimi Raikonen
64%
2024(kierowca rezerwowy) ferrari2025-teraz haas Oliver Bearman
56%
Nie znaleziono quizów pasujących do podanych kryteriów
Rozkład punktacji
Procent ludzi z każdym wynikiem
Percentyl według liczby udzielonych odpowiedzi
Twoja historia wyników
Nie rozwiązałeś tego quizu